000 00481nam a2200181Ia 4500
005 20250508153051.0
008 008 250505s9999 xx 000 0 eng d
037 _aTextual
040 _aFEDL
_beng
_cFEDL
041 _aeng
_2eng
084 _a370.193, ATL
_qFEDL
245 0 _aSocial problems and problems of democracy
245 0 _cAtlanta Public Schools
260 _c1952
300 _a195p.
942 _cTEXL
_h370.193, ATL
999 _c1340493
_d1340493